Central Library OPAC University of Rajshahi

Applied programed instruction / (Record no. 50081)

MARC details
000 -LEADER
fixed length control field 00705nam a2200229 a 4500
001 - CONTROL NUMBER
control field 50081
003 - CONTROL NUMBER IDENTIFIER
rucl marc code BD-RjUL
005 - DATE AND TIME OF LATEST TRANSACTION
control field 20211209075444.0
008 - FIXED-LENGTH DATA ELEMENTS--GENERAL INFORMATION
fixed length control field 160823s1962 nyua 000 0 eng d
035 ## - SYSTEM CONTROL NUMBER
System control number (BD-RjUL)50201
040 ## - CATALOGING SOURCE
Original cataloging agency DLC
Transcribing agency WSU
Modifying agency SER
-- UKM
-- EQO
-- BD-RjUL
Language of cataloging eng
041 ## - LANGUAGE CODE
Language code of text/sound track or separate title eng
082 ## - DEWEY DECIMAL CLASSIFICATION NUMBER
Classification number 371.3944
Edition number 23
Author mark and year MAA 1962
100 1# - MAIN ENTRY--PERSONAL NAME
Personal name Margulies, Stuart.
9 (RLIN) 150103
245 10 - TITLE STATEMENT
Title Applied programed instruction /
Statement of responsibility, etc. by Stuart Margulies [and] Lewis D. Eigen
260 ## - PUBLICATION, DISTRIBUTION, ETC. (IMPRINT)
Place of publication, distribution, etc. New York :
Name of publisher, distributor, etc. John Wiley and sons,
Date of publication, distribution, etc. c1962
300 ## - PHYSICAL DESCRIPTION
Pagination 387 p. :
Illustrations ill. ;
Size 24 cm.
650 #0 - SUBJECT ADDED ENTRY--TOPICAL TERM
Topical term or geographic name as entry element Programmed instruction
9 (RLIN) 150104
700 1# - ADDED ENTRY--PERSONAL NAME
Personal name Eigen, Lewis D., Joint author
942 ## - ADDED ENTRY ELEMENTS (KOHA)
Source of classification or shelving scheme Dewey Decimal Classification
Koha item type Books
Holdings
Lost status Source of classification or shelving scheme Damaged status Not for loan Collection code Permanent Location Current Location Shelving location Date acquired Source of acquisition Cost, normal purchase price Total Checkouts Full call number Date last seen Copy number Koha item type
  Dewey Decimal Classification     Non-fiction Central Library, University of Rajshahi Central Library, University of Rajshahi   03/11/1965 Zeitlinger 53.00   371.3944 MAA 1962 23/08/2016 C-2 Books
  Dewey Decimal Classification     Non-fiction Central Library, University of Rajshahi Central Library, University of Rajshahi   03/11/1965 Zeitlinger 53.00   371.3944 MAA 1962 23/08/2016 C-3 Books
  Dewey Decimal Classification     Non-fiction Central Library, University of Rajshahi Central Library, University of Rajshahi   11/07/1964 Zeitlinger 53.00   371.3944 MAA 1962 23/08/2016 C-3 Books